| 000 | 00758nam a22002177a 4500 | ||
|---|---|---|---|
| 003 | 0 | ||
| 005 | 20160609165116.0 | ||
| 008 | 091019t xxu||||| |||| 00| 0 eng d | ||
| 040 |
_aBUAC _bFR _cBAC |
||
| 041 | _aFR | ||
| 082 | _a303.3 ROS | ||
| 100 |
_aStern-Larosa, Caryl _91443 |
||
| 245 |
_aHalte à la haine _bComment les enfants apprennent et désapprennent les préjugés |
||
| 260 |
_aParis _bNouveaux Horizons _c2004 |
||
| 300 |
_a189 _bCouv.ill. en coul. _c24cm. |
||
| 500 | _aTitre original: The Anti-Defamation League's Hate Hurts: How Children Learn and Unlearn Prejudice. | ||
| 600 |
_aBettmann, Ellen Hofheimer _91444 |
||
| 650 |
_aHaine _bPréjugés _91445 |
||
| 700 |
_aTrad. de l'américain par Marie-France Pavillet _91446 |
||
| 942 | _cLIVR | ||
| 999 |
_c46387 _d46387 |
||